000 01518nam a2200433 i 4500
001 10437
003 KOSZ 005
005 20200406162338.0
008 070712s1969 pl a f f |000 0 pol
015 _aPB 1970/2028
035 _a(PL-WaBN)b19418681-48omnis_nlop
035 _ab19418681
035 _a(OCoLC)830842067
035 _a(PL)b0000019418681
040 _aWA N
_cWA N
_dKOSZ 005/HR
046 _k1969
080 _a621.31
080 _a)76)
100 1 _aAuleytner, Kazimierz
_d(1914-2006).
_eAutor
245 1 0 _aLaboratorium encyklopedii elektroenergetyki /
_cKazimierz Auleytner, Marian Namiotkiewicz, Janusz Pająk.
260 _aWarszawa :
_bWydawnictwa Politechniki Warszawskiej,
_c1970.
300 _a177 s. :
_bil. ;
_c23 cm.
336 _2rdacontent
_aTekst
_btxt
337 _2rdamedia
_aBez urzadzenia pośredniczącego
_bn
338 _2rdacarrier
_aWolumin
_bnc
380 _aKsiążki
380 _aPublikacje dydaktyczne
385 _mPoziom nauczania
_aSzkoły wyższe
388 _a1901-2000
658 _aInżynieria i technika
655 7 _aĆwiczenia i zadania dla szkół wyższych
_2DBN
650 7 _aElektroenergetyka
_2DBN
700 1 _aNamiotkiewicz, Marian.
_eAutor
700 1 _aPająk, Janusz.
_eAutor
710 2 _aOficyna Wydawnicza Politechniki Warszawskiej
_4pbl
856 _uhttp://koha.tu.koszalin.pl/cgi-bin/koha/opac-detail.pl?biblionumber=10437
_yKatalog online BPK
942 _2UKD
_cKS
999 _c10437
_d10437